00413nam a2200133Ia 4500008004100000020001500041041000800056082002000064100002200084245011900106250000600225260003600231300001200267210716s1991 xx 000 0 und d a0137933401 aeng a302.350973 SETS aSethi, S Prakash. aScaling the corporate wall: readings in social issues of the nineties.bReadings in social issues of the nineties. a1 aNew JerseybPrentice Hallc1991 avii,391